| 000 | 02829cam a2200565 i 4500 | ||
|---|---|---|---|
| 999 |
_c2137 _d2137 |
||
| 001 | 20874485 | ||
| 003 | OSt | ||
| 005 | 20230310152150.0 | ||
| 008 | 190301t20202020nyua j 6 000 1 eng d | ||
| 010 | _a 2019936057 | ||
| 015 |
_aGBC015857 _2bnb |
||
| 016 | 7 |
_a019699772 _2Uk |
|
| 020 |
_a9781338538199 _q(Scholastic paperback) |
||
| 035 | _a(OCoLC)on1091246073 | ||
| 037 |
_bScholastic Paperbacks, Po Box 7502, Jefferson City, MO, USA, 65102 _nSAN 860-0023 |
||
| 040 |
_aYDX _beng _erda _cYDX _dTDS _dBDX _dUKMGB _dXY4 _dOCLCF _dTCH _dOCLCO _dLE@ _dJQW _dUTW _dIMF _dSLPLM _dEHH _dOCO _dIAI _dDEERP _dSVZ _dNHP _dMTMCM _dZHI _dBKL _dOCL _dOCLCO _dZ#6 _dOSU _dOCL _dOCLCQ _dTXHLC _dTCJ _dZGR _dOCLCO _dDLC _dKH8 |
||
| 042 | _alccopycat | ||
| 082 | 0 | 4 |
_aFIC SCR _223 |
| 100 | 1 |
_aScrivan, Maria, _eauthor, _eartist. |
|
| 245 | 1 | 0 |
_aNat enough / _cMaria Scrivan. |
| 250 | _aFirst edition. | ||
| 264 | 1 |
_aNew York : _bGraphix, an imprint of Scholastic Inc., _c2020. |
|
| 264 | 4 | _c©2020 | |
| 300 |
_a234 pages : _bcolor illustrations ; _c21 cm |
||
| 336 |
_atext _btxt _2rdacontent |
||
| 336 |
_astill image _bsti _2rdacontent |
||
| 337 |
_aunmediated _bn _2rdamedia |
||
| 338 |
_avolume _bnc _2rdacarrier |
||
| 490 | 0 |
_aNat enough ; _v[1] |
|
| 520 | _aNatalie has never felt that she's enough -- athletic enough, stylish enough, or talented enough. And on the first day of middle school, Natalie discovers that things are worse than she thought -- now she's not even cool enough for her best friend, Lily! As Natalie tries to get her best friend back, she learns more about her true self and natural talents. If Natalie can focus on who she is rather than who she isn't, then she might realize she's more than enough, just the way she is. | ||
| 650 | 0 |
_aFriendship _vComic books, strips, etc. |
|
| 650 | 0 |
_aSelf-esteem _vComic books, strips, etc. |
|
| 650 | 0 |
_aMiddle schools _vComic books, strips, etc. |
|
| 650 | 0 |
_aFriendship _vJuvenile fiction. |
|
| 650 | 0 |
_aSelf-esteem _vJuvenile fiction. |
|
| 650 | 0 |
_aMiddle schools _vJuvenile fiction. |
|
| 650 | 1 |
_aFriendship _vFiction. |
|
| 650 | 1 |
_aSelf-esteem _vFiction. |
|
| 650 | 1 |
_aMiddle schools _vFiction. |
|
| 650 | 1 | _aGraphic novels. | |
| 650 | 7 |
_aJUVENILE FICTION _xComics & Graphic Novels _xHumorous. _2bisacsh |
|
| 650 | 7 |
_aJUVENILE FICTION _xSocial Themes _xFriendship. _2bisacsh |
|
| 650 | 7 |
_aJUVENILE FICTION _xSocial Themes _xAdolescence & Coming of Age. _2bisacsh |
|
| 655 | 0 | 7 |
_aFICTION / Comics & Graphic Novels / General. _cJUV008000 _2bisacsh |
| 655 | 0 | 7 |
_aFICTION / Comics & Graphic Novels / Humorous. _cJUV008110 _2bisacsh |
| 655 | 7 |
_aGraphic novels. _2lcgft |
|
| 906 |
_a7 _bcbc _ccopycat _d2 _eepcn _f20 _gy-gencatlg |
||
| 942 |
_2ddc _cGN |
||